The power of myth / (Record no. 1093)

000 -LEADER
fixed length control field 01313nam a22003857a 4500
001 - CONTROL NUMBER
control field 547015
003 - CONTROL NUMBER IDENTIFIER
control field OSt
005 - DATE AND TIME OF LATEST TRANSACTION
control field 20210426124754.0
008 - FIXED-LENGTH DATA ELEMENTS--GENERAL INFORMATION
fixed length control field 880216s1988 nyuaf 000 0 eng
010 ## - LIBRARY OF CONGRESS CONTROL NUMBER
LC control number 88004218
020 ## - INTERNATIONAL STANDARD BOOK NUMBER
International Standard Book Number 0385247745 (pbk.)
020 ## - INTERNATIONAL STANDARD BOOK NUMBER
International Standard Book Number 0385247737 (hard)
040 ## - CATALOGING SOURCE
Original cataloging agency DLC
Transcribing agency DLC
Modifying agency DLC
Language of cataloging eng
041 ## - LANGUAGE CODE
Language code of text/sound track or separate title eng
043 ## - GEOGRAPHIC AREA CODE
Geographic area code n-us---
050 00 - LIBRARY OF CONGRESS CALL NUMBER
Classification number BL304
Item number .C36 1988
080 ## - UNIVERSAL DECIMAL CLASSIFICATION NUMBER
Universal Decimal Classification number 821.111
Item number C-18
082 00 - DEWEY DECIMAL CLASSIFICATION NUMBER
Classification number 291.1/3
Edition number 19
100 1# - MAIN ENTRY--PERSONAL NAME
Personal name Campbell, Joseph,
Dates associated with a name 1904-1987.
245 14 - TITLE STATEMENT
Title The power of myth /
Statement of responsibility, etc. Joseph Campbell, with Bill Moyers ; Betty Sue Flowers, editor.
Remainder of title / by: Doubleday
250 ## - EDITION STATEMENT
Edition statement 1st edition
260 ## - PUBLICATION, DISTRIBUTION, ETC.
Place of publication, distribution, etc. New York
Name of publisher, distributor, etc. Doubleday
Date of publication, distribution, etc. c1988.
300 ## - PHYSICAL DESCRIPTION
Extent xix, 231 p., [16] p. of plates :
Other physical details ill. (some col.)
Dimensions 28 cm.
600 10 - SUBJECT ADDED ENTRY--PERSONAL NAME
Personal name Campbell, Joseph,
Dates associated with a name 1904-1987
Form subdivision Interviews.
650 #0 - SUBJECT ADDED ENTRY--TOPICAL TERM
Topical term or geographic name entry element Myth.
650 #0 - SUBJECT ADDED ENTRY--TOPICAL TERM
Topical term or geographic name entry element English literature
9 (RLIN) 254
650 #0 - SUBJECT ADDED ENTRY--TOPICAL TERM
Topical term or geographic name entry element Mythologists
Geographic subdivision United States
Form subdivision Interviews.
653 ## - INDEX TERM--UNCONTROLLED
Uncontrolled term ინგლისური ლიტერატურა
653 ## - INDEX TERM--UNCONTROLLED
Uncontrolled term მითოლოგიური
700 1# - ADDED ENTRY--PERSONAL NAME
Personal name Moyers, Bill D.
856 42 - ELECTRONIC LOCATION AND ACCESS
Materials specified Publisher description
Uniform Resource Identifier <a href="http://www.loc.gov/catdir/description/random044/88004218.html">http://www.loc.gov/catdir/description/random044/88004218.html</a>
906 ## - LOCAL DATA ELEMENT F, LDF (RLIN)
a 7
b cbc
c orignew
d 1
e ocip
f 19
g y-gencatlg
942 ## - ADDED ENTRY ELEMENTS (KOHA)
Source of classification or shelving scheme
Koha item type Books
Edition 1
Holdings
Withdrawn status Lost status Source of classification or shelving scheme Damaged status Not for loan Permanent location Current location Date acquired Inventory number Total Checkouts Full call number Barcode Date last seen Price effective from Koha item type
          Ken Walker International University Ken Walker International University 02/01/2021 2562   821.111 C-18 2562 02/01/2021 02/01/2021 Books

Powered by Koha